Szemle. Szöllősi Árpád: A Marosvásárhelyi Orvosi és Gyógyszerészeti Egyetem 1945-1995. Mentor kiadó. Marosvásárhely 1995. 202+8 l
Elmentve itt :
| Szerző: | |
|---|---|
| Adatforrás: | Meister |
| Forrásdokumentuma: | Erdélyi Múzeum. - 3-4 sz., 1996, 363-364 p. |
| Nyelv: | magyar |
| Kulcsszavak: | intézménytörténet-recenzió orvosképzés (romániai magyar) magyar felsőoktatás (romániai) felsőoktatás Marosvásárhely SZŐLLŐSI Árpád Marosvásárhelyi Orvosi és Gyógyszerészeti Intézet (OGYI) |
| LEADER | 00771nab a2200193 i 4500 | ||
|---|---|---|---|
| 001 | bibPRO00008252 | ||
| 008 | 060524s1996 xx hun | ||
| 040 | |a Sz1 | ||
| 041 | |a hun | ||
| 100 | 1 | |a SZABÓ Judit ; SZABÓ László | |
| 245 | 1 | 0 | |a Szemle. Szöllősi Árpád: A Marosvásárhelyi Orvosi és Gyógyszerészeti Egyetem 1945-1995. Mentor kiadó. Marosvásárhely 1995. 202+8 l |c SZABÓ Judit ; SZABÓ László |
| 695 | |a intézménytörténet-recenzió | ||
| 695 | |a orvosképzés (romániai magyar) | ||
| 695 | |a magyar felsőoktatás (romániai) | ||
| 695 | |a felsőoktatás | ||
| 695 | |a Marosvásárhely | ||
| 695 | |a SZŐLLŐSI Árpád | ||
| 695 | |a Marosvásárhelyi Orvosi és Gyógyszerészeti Intézet (OGYI) | ||
| 773 | 0 | |t Erdélyi Múzeum. - |g 3-4 sz., 1996, 363-364 p. | |